000 00940cab a2200301 4500
001 ABS56639
008 090401t1996 xxu||||| |||| 00| 0 eng d
035 _a(Sirsi) u24985
041 _aeng
100 _aAdair, A.
245 3 _aAn analysis of valuation variation in the UK commercial property market: Hager and Lord revisited
260 _c1996
350 _a0
490 _aJournal of Property Valuation and Investment
_v14 (5) 1996, 34-47(14)
520 _aLooks at the issue of valuation variation in the UK commercial property market. References.
650 _aACCURACY
650 _aPROPERTY-COMMERCIAL PROPERTY
650 _aVALUATION VARIATIONS
650 _aValuation
_96273
690 _aPROPERTY-COMMERCIAL PROPERTY
690 _aRATING AND VALUATION
700 _aHutchison, N.
700 _aMacGregor, B.
700 _aMcGreal, S.
700 _aNanthakumaran, N.
942 _n0
948 _c04/03/1997
999 _c16756
_d16756